Normal view
MARC view
- CARBON.NANOSTRUCTURED MATERIALS. TUBES
Entry Topical Term
001 - CONTROL NUMBER
- control field: 61544
003 - CONTROL NUMBER IDENTIFIER
- control field: NUST
005 - DATE AND TIME OF LATEST TRANSACTION
- control field: 20210628202754.0
008 - FIXED-LENGTH DATA ELEMENTS
- fixed length control field: 210628|| aca||aabn | a|a d
040 ## - CATALOGING SOURCE
- Original cataloging agency: NUST
- Transcribing agency: NUST
150 ## - HEADING--TOPICAL TERM
- Topical term or geographic name entry element: CARBON.NANOSTRUCTURED MATERIALS. TUBES
670 ## - SOURCE DATA FOUND
- Source citation: Work cat.: (NUST): O'connell, Michael J 61543, Carbon nanotubes, properties and applications, 2006
